|
|
|
|
| LEADER |
00000nam0a2200000 4500 |
| 001 |
324386 |
| 005 |
20231102003649.0 |
| 035 |
|
|
|a (RuTPU)RU\TPU\book\349984
|
| 090 |
|
|
|a 324386
|
| 100 |
|
|
|a 20161115d1947 m y0rusy50 ca
|
| 101 |
0 |
|
|a rus
|
| 102 |
|
|
|a RU
|
| 105 |
|
|
|a a j 001zy
|
| 200 |
1 |
|
|a Основы инженерной геологии
|e учебник для вузов
|f Н. П. Малюков, М. Э. Мейтус
|
| 210 |
|
|
|a Москва
|c Дориздат
|d 1947
|
| 215 |
|
|
|a 263 с.
|c ил.
|e Прилож. : 2 вкл. л. карт.
|
| 320 |
|
|
|a Библиогр.: с. 261-262
|
| 606 |
1 |
|
|a Инженерная геология
|2 stltpush
|3 (RuTPU)RU\TPU\subj\12572
|9 39335
|
| 610 |
1 |
|
|a учебники
|
| 610 |
1 |
|
|a земная кора
|
| 610 |
1 |
|
|a петрология
|
| 610 |
1 |
|
|a движения
|
| 610 |
1 |
|
|a дислокации
|
| 610 |
1 |
|
|a четвертичные отложения
|
| 610 |
1 |
|
|a поверхностные воды
|
| 610 |
1 |
|
|a подземные воды
|
| 610 |
1 |
|
|a грунтовые массивы
|
| 610 |
1 |
|
|a деформации
|
| 610 |
1 |
|
|a инженерно-геологические исследования
|
| 675 |
|
|
|a 624.131.1(075.8)
|v 4
|
| 700 |
|
1 |
|a Малюков
|b Н. П.
|
| 701 |
|
1 |
|a Мейтус
|b М. Э.
|
| 801 |
|
1 |
|a RU
|b 63413507
|c 20161115
|
| 801 |
|
2 |
|a RU
|b 63413507
|c 20200210
|g RCR
|
| 942 |
|
|
|c BK
|